00561nam a22001697a 450000500170000000800410001702000150005804000130007305000200008624501390010626000330024530000250027865000310030365000230033470000170035770000170037420230110075323.0230110b |||||||| |||| 00| 0 eng d a0855984066 aKMUcKMU aJC 571 Dev 1998 aDevelopment and rights :bSelected essays from development in practice /cIntroduced by Firoze Manji and series edited by Deborah Eade aOxford :bOxfam GB ,c1998 . a192 pages ;c21 cm . 2OclcaDeveloping countries 2OclcaHuman rights aManji Firoze aEade Deborah